<?xml version="1.0" encoding="UTF-8"?>
<record
    xmlns:xsi="http://www.w3.org/2001/XMLSchema-instance"
    xsi:schemaLocation="http://www.loc.gov/MARC21/slim http://www.loc.gov/standards/marcxml/schema/MARC21slim.xsd"
    xmlns="http://www.loc.gov/MARC21/slim">

  <leader>03738nas1a22007211i 4500</leader>
  <controlfield tag="001">RU\NLR\INFOCOMM16\1000033125</controlfield>
  <controlfield tag="005">20260407111710.0</controlfield>
  <datafield tag="011" ind1=" " ind2=" ">
    <subfield code="a">0130-3074</subfield>
  </datafield>
  <datafield tag="035" ind1=" " ind2=" ">
    <subfield code="a">(NLR Aleph) 002712692</subfield>
  </datafield>
  <datafield tag="090" ind1=" " ind2=" ">
    <subfield code="a">1805350</subfield>
    <subfield code="c">1805350</subfield>
  </datafield>
  <datafield tag="100" ind1=" " ind2=" ">
    <subfield code="a">20040225a19699999|||y0rusy50      ca</subfield>
  </datafield>
  <datafield tag="101" ind1="0" ind2=" ">
    <subfield code="a">rus</subfield>
  </datafield>
  <datafield tag="102" ind1=" " ind2=" ">
    <subfield code="a">RU</subfield>
  </datafield>
  <datafield tag="110" ind1=" " ind2=" ">
    <subfield code="a">agu||||0|y0</subfield>
  </datafield>
  <datafield tag="200" ind1="1" ind2=" ">
    <subfield code="a">&#x414;&#x435;&#x444;&#x435;&#x43A;&#x442;&#x43E;&#x43B;&#x43E;&#x433;&#x438;&#x44F;</subfield>
    <subfield code="e">&#x41D;&#x430;&#x443;&#x447;.-&#x43C;&#x435;&#x442;&#x43E;&#x434;. &#x436;&#x443;&#x440;&#x43D;&#x430;&#x43B; &#x410;&#x43A;&#x430;&#x434;. &#x43F;&#x435;&#x434;. &#x43D;&#x430;&#x443;&#x43A; &#x421;&#x421;&#x421;&#x420;</subfield>
  </datafield>
  <datafield tag="210" ind1=" " ind2=" ">
    <subfield code="a">&#x41C;.</subfield>
    <subfield code="c">&#x41F;&#x440;&#x43E;&#x441;&#x432;&#x435;&#x449;&#x435;&#x43D;&#x438;&#x435;</subfield>
    <subfield code="d">1969 -</subfield>
  </datafield>
  <datafield tag="510" ind1="1" ind2=" ">
    <subfield code="a">Defectology</subfield>
    <subfield code="z">eng</subfield>
  </datafield>
  <datafield tag="711" ind1="0" ind2="2">
    <subfield code="a">&#x410;&#x43A;&#x430;&#x434;&#x435;&#x43C;&#x438;&#x44F; &#x43F;&#x435;&#x434;&#x430;&#x433;&#x43E;&#x433;&#x438;&#x447;&#x435;&#x441;&#x43A;&#x438;&#x445; &#x43D;&#x430;&#x443;&#x43A; &#x421;&#x421;&#x421;&#x420;</subfield>
    <subfield code="3">RU\NLR\AUTH\889939656</subfield>
    <subfield code="9">374169</subfield>
  </datafield>
  <datafield tag="712" ind1="0" ind2="2">
    <subfield code="4">570</subfield>
    <subfield code="a">&#x420;&#x43E;&#x441;&#x441;&#x438;&#x439;&#x441;&#x43A;&#x430;&#x44F; &#x430;&#x43A;&#x430;&#x434;&#x435;&#x43C;&#x438;&#x44F; &#x43E;&#x431;&#x440;&#x430;&#x437;&#x43E;&#x432;&#x430;&#x43D;&#x438;&#x44F;</subfield>
    <subfield code="3">RU\NLR\AUTH\889939667</subfield>
    <subfield code="9">374191</subfield>
  </datafield>
  <datafield tag="712" ind1="0" ind2="2">
    <subfield code="4">570</subfield>
    <subfield code="a">&#x418;&#x43D;&#x441;&#x442;&#x438;&#x442;&#x443;&#x442; &#x43A;&#x43E;&#x440;&#x440;&#x435;&#x43A;&#x446;&#x438;&#x43E;&#x43D;&#x43D;&#x43E;&#x439; &#x43F;&#x435;&#x434;&#x430;&#x433;&#x43E;&#x433;&#x438;&#x43A;&#x438;</subfield>
    <subfield code="c">&#x41C;&#x43E;&#x441;&#x43A;&#x432;&#x430;</subfield>
    <subfield code="3">RU\NLR\AUTH\8818300</subfield>
    <subfield code="9">309794</subfield>
  </datafield>
  <datafield tag="801" ind1=" " ind2="1">
    <subfield code="a">RU</subfield>
    <subfield code="b">InfoComm</subfield>
    <subfield code="c">20040225</subfield>
  </datafield>
  <datafield tag="801" ind1=" " ind2="0">
    <subfield code="a">RU</subfield>
    <subfield code="b">NLR</subfield>
    <subfield code="g">PSBO</subfield>
  </datafield>
  <datafield tag="801" ind1=" " ind2="2">
    <subfield code="a">RU</subfield>
    <subfield code="b">NLR</subfield>
    <subfield code="c">20080125</subfield>
    <subfield code="2">rusmarc</subfield>
  </datafield>
  <datafield tag="852" ind1=" " ind2=" ">
    <subfield code="a">NLR</subfield>
    <subfield code="j">&#x41F;29/522</subfield>
  </datafield>
  <datafield tag="942" ind1=" " ind2=" ">
    <subfield code="c">JOURNAL</subfield>
  </datafield>
  <datafield tag="980" ind1=" " ind2=" ">
    <subfield code="a">RUSPER</subfield>
  </datafield>
</record>
